000 00684nam a2200253Ia 4500
003 OSt
005 20221007071924.0
006 a|||||r|||| 00| 0
007 ta
008 221006b |||||||| |||| 00| 0 eng d
024 _a485
037 _cReference Collections
040 _aFLL
_cFLL
_beng
041 _2eng
_aeng
082 _aV3:2:9Z, J21;2
100 _aDicey A. V.
245 0 _aLaw of the constitution
250 _a9th
260 _aLondon
_bMacmillan and Company Limited UK
_c1952
300 _a682
_ccm.
650 _aConstitutional Law
_9681314
942 _hV3:2:9Z, J21;2
_cREF
_2CC
999 _c1144669
_d1144669